| 000 | 00550nam a2200217Ia 4500 | ||
|---|---|---|---|
| 008 | 170203s9999 xx 000 0 und d | ||
| 020 | _a0-743406869 | ||
| 050 | _aFic | ||
| 050 | _bK26c | ||
| 100 | _aKeene, Carolyn. | ||
| 245 | 4 | _aThe clue on the crystal dove / | |
| 245 | _cCarolyn Keene. | ||
| 260 | _aNew York : | ||
| 260 | _bPocket Books, | ||
| 260 | _c2001 | ||
| 300 | _a148 pages ; | ||
| 300 | _c20 cm. | ||
| 500 | _a"A Minstrel book." | ||
| 650 | _aDetective and mystery stories. | ||
| 650 | _aMystery and detective stories. | ||
| 999 |
_c306572 _d306572 |
||